[Event "ESP-chT Honor Gp1 49th"]
[Site "Merida"]
[Date "2005.08.24"]
[Round "1"]
[White "Lacasa Diaz, Jose Antonio"]
[Black "Perez Candelario, Manuel"]
[Result "0-1"]
[WhiteElo "2420"]
[BlackElo "2504"]
[Annotator "Erenburg,S"]
[PlyCount "62"]
[EventDate "2005.08.24"]
[EventType "team"]
[EventRounds "5"]
[EventCountry "ESP"]
[SourceTitle "CBM 109"]
[Source "ChessBase"]
[SourceDate "2005.11.14"]
[SourceVersion "1"]
[SourceVersionDate "2005.11.14"]
[SourceQuality "1"]

1. e4 e5 2. Nf3 Nc6 3. Bb5 a6 4. Ba4 Nf6 5. d3 {avoiding open variation, thus,
transforming the game Steinitz attack.} d6 6. c3 g6 7. O-O Bg7 8. Nbd2 {
Another possibility is} (8. Re1 O-O 9. Bg5 h6 10. Bh4 {1/2-1/2 Iordachescu,
V-Krasenkow,M/Warsaw 2005/CBM 108_01/[Finkel,A] (39)}) 8... O-O 9. Re1 (9. Bxc6
bxc6 10. d4 {0-1 Sadvakasov,D-Onischuk,A/Poikovsky 2005/CBM 106/[Ftacnik] (41)}
) 9... b5 {Black is driving away white's light-squared bishop from a4-e8
diagonal} (9... Qe7 10. Nf1 Nd8 11. Bc2 {1-0 Sargissian,G-Grabarczyk,M/Warsaw
2005/CBM 108_01/[Finkel,A] (82)}) (9... Nh5 10. Nf1 f5 11. exf5 Bxf5 12. Ng5
Kh8 13. Bb3 d5 14. g4 Nf4 15. Bxf4 exf4 16. Nxh7 Kxh7 17. gxf5 Rxf5 $15 {
1-0 Morozevich,A-Shirov,A/Monaco 2004/CBM 099 ext (29)}) (9... Re8 10. Nf1 Bd7
11. Ng3 b5 12. Bb3 Na5 13. Bc2 c5 14. d4 cxd4 15. cxd4 exd4 16. Nxd4 Nc6 17.
Nxc6 Bxc6 18. Bg5 h6 19. Bd2 Nd7 $11 {1-0 Grischuk,A-Adams,M/
chessassistantclub.com INT 2004/The Week in Chess 530 (46)}) (9... Nd7 $5 10.
Nf1 Nc5 {Good achievement of IM Cao Sang.. 1-0 Cao Sang-Golod,V/Ohrid 2001/CBM
084/[Golod,V] (40)}) 10. Bc2 {The retreat of the bishop to c2 seems more
logical, than to b3, as it helps black to develop counterplay on the queenside:
} (10. Bb3 Na5 11. Bc2 c5 12. d4 exd4 13. cxd4 cxd4 14. Nxd4 Re8 15. Nf1 Qb6
16. Nf3 Nc4 17. Rb1 Bg4 18. Ne3 Ne5 19. Nxg4 Nfxg4 20. Be3 Nxe3 21. Rxe3 Nc4
$15 {0-1 Rasik,V-Adams,M/Rethymnon 2003/CBM 098 (34)}) 10... Re8 11. a4 {
creating a tension on the queenside. Other possibilities are:} (11. d4 exd4 12.
cxd4 Nb4 13. Bb1 c5 14. a3 Nc6 15. d5 Nb8 16. a4 Bb7 17. Qb3 Nbd7 18. axb5 axb5
19. Rxa8 Qxa8 20. Qxb5 $16 {1/2-1/2 Karjakin,S-Kaidanov,G/Calvia ESP 2004/The
Week in Chess 521 (33)}) (11. Nf1 d5 12. Qe2 Be6 13. h3 h6 14. Ng3 Qd7 15. Rd1
Rad8 16. a4 Qc8 17. Be3 dxe4 18. dxe4 Bc4 19. Qe1 Rxd1 20. Bxd1 Bd3 21. Nd2 Rd8
$13 {1/2-1/2 Adams,M-Sokolov,I/Prague 2002/CBM 089 (44)}) 11... Bb7 12. b4 {
fixing black's b5 pawn, and, occupying some space on the queenside.} ({White
got an advantage after} 12. h3 Nb8 13. b4 Nbd7 14. Nb3 Rb8 15. Be3 d5 16. Qb1
Bf8 17. axb5 axb5 18. Ra5 $14 {1-0 Georgiev,K-Flear,G/Saint Affrique FRA 2005/
The Week in Chess 560 (31)}) 12... Nd7 13. Nf1 Nf8 $146 {The idea of this
novelty is to bring the knight to e6, from where it presses white's centre.} (
13... Nb6 {loses too much time:} 14. a5 Nd7 15. Ne3 Nf6 16. Bb3 Qd7 17. Qc2 Nd8
18. Bb2 Rc8 19. c4 $14 {1-0 Fuderer,A-Donner,J/Hastings 1954/MCL (34)}) 14. Bb2
$6 {I think, white should not have hurried with defining the position of
dark-squared bishop. Usually white needs the dark-squared bishop on c1-h6
diagonal. I would start from} (14. Bb3 Ne6 15. Ne3 Ne7 (15... Qd7 16. Nd5 $14)
16. Ng4 $36 {[%cal Yg4h6,Yf3g5]}) 14... Ne6 15. Bb3 Qd7 16. Ng3 {White has
transfered the knight to g3 in order to carry out the d3-d4 breakthrough.} (16.
Ne3 {is an interesting alternative.} Ne7 $1 17. c4 $13) 16... Ne7 $1 {
preparing the c7-c5 advance. It should be noted, that black prepares the
typical d6-d5 reaction on white's aggression in the centre.} 17. d4 {There is
no other plan of improving white's position.} exd4 18. cxd4 d5 19. Ne5 {
Responsible decision. After this move, white will get an isolated pawn "d"
with a passive dark-squared bishop. But, he can compensate it by activity of
his pieces.} (19. e5 {doesn't promise white anything special.} Nc6 20. Bc3 Bf8
21. Qd2 a5 22. axb5 (22. bxa5 b4) 22... Nxb4 23. Ba4 c6 24. bxc6 Bxc6 $11)
19... Qd6 {attacking white's b4 pawn.} 20. Bc3 $6 {After this move white is
already worse...} ({More to the point seems} 20. Qf3 Rf8 (20... Bxe5 $6 {
is too risky:} 21. dxe5 Qxb4 22. Ba3 $44) (20... Ng5 21. Qf4 $1 Qxb4 22. Re3 $1
Bxe5 (22... h6 23. h4) 23. dxe5 Ne6 24. Qf6 $16) 21. Qc3 $13 dxe4 22. Nxe4 Bxe4
23. Rxe4 Nd5 $11) 20... Rad8 {strengthening the d5 spot.} ({Worth
consideration:} 20... dxe4 $5 21. Nxe4 Bxe4 22. Rxe4 Nd5 $15 23. Nxf7 (23. Qf3
$4 Ng5 $19) 23... Kxf7 24. Qf3+ Bf6 {[%cal Yc7c6]} 25. Rxe6 Kxe6 26. Bxd5+ Qxd5
27. Re1+ Kd6 28. Qxf6+ Re6 29. Qf4+ Kc6 30. Rc1 Kb7 $17) 21. axb5 axb5 22. Qe2
{attacking the b5 pawn.} ({In case of} 22. Qf3 {black parries white's activity
by} Rf8 $1 (22... Ng5 23. Qf4 f6 24. Nd3 $16) 23. h3 Qb6 $15) 22... Qb6 23.
Rad1 {protecting an isolated pawn.} dxe4 24. Nxe4 (24. Bxe6 {doesn't equalize
as well:} Qxe6 (24... fxe6 25. Nxe4 Bxe4 26. Qxe4 Nd5 27. Bd2 $11) 25. Qxb5 Qd5
$17 {[%cal Yf7f6,Yf6f5]}) 24... Bd5 $1 $15 {Black has succeeded to neutralize
white's initiative. Now white's light-squared bishop is not dangerous anymore.
Black has the d5 stronghold, while white remained with an isolated "d" pawn
and passive dark-squared bishop.} {plays in black's hands.} 25. Bxd5 $6 {
increasing black's positional advantage.} (25. Nc5 Bxb3 26. Nxb3 Nd5 $17) ({
Better was} 25. Qc2 Bxb3 26. Qxb3 Nd5 27. Nc5 $15) 25... Nxd5 26. Qf3 $2 {
losing a light piece.} ({More resistant was} 26. Bb2 Nxb4 27. Qf3 f5 28. Qb3
Nd5 $17) {[%tqu "En","Please find the best move for black.","","","f7f6","",10]
} 26... f6 $1 $19 {driving away the knight from active position.} 27. Nd3 (27.
Ng4 f5 $19) {[%tqu "En","Can black get a material advantage?","","","f6f5","",
10]} 27... f5 $1 {winning a light piece.} 28. Nec5 Nxc3 29. Nxe6 Rxe6 30. Rxe6
Qxe6 31. Nf4 Qe4 0-1

[Event "Olympiad-40"]
[Site "Istanbul"]
[Date "2012.09.01"]
[Round "5.2"]
[White "Grischuk, Alexander"]
[Black "Almasi, Zoltan"]
[Result "1-0"]
[WhiteElo "2763"]
[BlackElo "2713"]
[Annotator "Erenburg,S"]
[PlyCount "79"]
[EventDate "2012.08.28"]
[EventType "team-swiss"]
[EventRounds "11"]
[EventCountry "TUR"]
[SourceTitle "CBM 151"]
[Source "ChessBase"]
[SourceDate "2012.11.13"]
[SourceVersion "1"]
[SourceVersionDate "2012.11.13"]
[SourceQuality "1"]
[WhiteTeam "Russia"]
[BlackTeam "Hungary"]
[WhiteTeamCountry "RUS"]
[BlackTeamCountry "HUN"]

1. e4 e5 2. Nf3 Nc6 3. Bb5 a6 4. Ba4 Nf6 5. O-O Be7 6. d3 {The main idea of
this move is to save time on h2-h3. In some variations, that move is
unnecessary. Instead, White could use that tempo to create some initiative on
the queenside or in the centre.} d6 7. c3 {Now White is preparing to withdraw
his bishop to c2. It could gain him a tempo in comparison to the main lines of
Ruy Lopez defence where White starts with 6.Re1.} O-O 8. Re1 Re8 9. Nbd2 {
A typical manoeuvre: White's knight is sent to the kingside via f1. Normally,
White is trying to bring the knight to g3, after which he can take control
over the centre with the d3-d4 advance. Black, on the other hand, has a
variety of plans: he can bring his dark squared bishop to g7, transfer his
knight to g6 via e7, and carry out the d6-d5 breakthrough in the centre.} Bf8
10. Nf1 h6 {This move could serve at least two of Black's plans: by preventing
the pin along the h4-d8 diagonal, Black makes it feasible to bring the knight
to g6 or to advance his d-pawn.} 11. Ng3 b5 {Black felt the necessity to bring
his knight to g6 asap, so he decided to get rid of unpleasant pin. In fact,
driving away White's bishop could fit into the plan with th d6-d5 advance in
the centre as well.} 12. Bc2 Ne7 {Black has tried the following options as
well:} (12... g6 13. a4 Rb8 14. d4 Bg7 15. axb5 ({An interesting alternative
was to keep the tension in the centre with} 15. h3 $5 Bd7 16. Be3 (16. axb5
axb5 {-the game.})) 15... axb5 16. h3 Bd7 17. Be3 Ra8 18. Qd2 Kh7 19. b3 {
[%cal Yd4d5,Yc3c4]} Qb8 20. d5 Ne7 21. c4 bxc4 22. bxc4 c5 23. Ne2 Nc8 24. Nc3
Nb6 25. Bd3 $14 {1/2-1/2 Ponomariov,R (2727)-Tomashevsky,E (2736)/Sochi 2012/
CB15_2012 (38)}) (12... Bb7 {The disadvantage of this move is that it allows
White to occupy the f5-outpost.} 13. Nf5 d5 14. Qe2 Na5 15. b4 $6 (15. h3 {
[%cal Yf3h2,Ge2f3,Yh2g4] seems to be more promising.}) 15... dxe4 16. dxe4 Nc4
17. Nd2 Nxd2 18. Bxd2 Bxe4 19. Bxe4 Nxe4 20. Bxh6 Nd6 $11 {1/2-1/2 Negi,P 
(2661)-Berczes,D (2530)/Andorra op 30th 2012 (41)}) (12... d5 $5 13. d4 (13.
exd5 Nxd5 14. Bb3 (14. d4 {gives nothing to White:} exd4 15. Rxe8 Qxe8) 14...
Be6 $11) (13. Bd2 $5) 13... dxe4 $1 (13... Bg4 14. exd5 Qxd5 15. Bb3 Qd6 16. h3
Bxf3 17. Qxf3 exd4 18. Bf4 $14) 14. Nxe4 Bf5 $1 15. Nxf6+ Qxf6 16. Nxe5 Nxe5
17. dxe5 Rxe5 18. Rxe5 Qxe5 $11 {1/2-1/2 Carlsen,M (2775)-Onischuk,A (2670)/
Biel 2008/CBM 126 (36)}) 13. d4 Ng6 14. b3 {This move can serve multiple
purposes. It prepares White's expansion on the queenside, which would be
carried out by the pawn advances d4-d5, c3-c4. Also, potentially, White's
dark-squared bishop could be developed to b2 or to a3 after White plays a2-a4.}
c6 $146 {Black's idea is to prevent white's d4-d5 and prepare the c7 spot for
the queen.} ({In the preceding game Black tried} 14... c5 15. d5 Bd7 16. a4 Qc7
17. h3 Reb8 18. Be3 Qd8 (18... Be7 $5 {[%cal Ye7d8,Yd8b6]}) 19. Qd2 bxa4 20.
bxa4 Rb2 21. Reb1 Rab8 22. Rxb2 Rxb2 23. Qc1 Rb8 24. Bd3 Qa5 25. Nd2 $14 {
1-0 Karjakin,S (2779)-Tkachiev,V (2644)/Astana 2012/CB27_2012 (54)}) 15. Be3
Qc7 16. Bd3 Bb7 17. Qc2 {The flexibility of White's pawn structure allows him
to carry out several interesting plans: White can attack Black's pawns on the
queenside with a2-a4, c2-c4 and open up the centre with c2-c4-c5 and/or dxe5
at convenient time. Black, on the other hand, has no active plan.} Rac8 18. h3
Nf4 19. Bf1 ({It would be wrong to go for} 19. Bxf4 exf4 20. Nf5 c5 $132) 19...
Ng6 20. Bd3 Nf4 21. Bf1 Ng6 22. a4 {No real threats are created, but White has
created some tension on the queenside.} Qb8 ({Unfortunately for Black,} 22...
d5 {does not equalise the game:} 23. Nxe5 Nxe5 24. dxe5 Qxe5 25. f4 Qc7 26. e5
Nd7 27. Bd3 $14) 23. Bd3 Nf4 24. Bxf4 {Now that Black can not simply play
c6-c5, White can go ahead and change the pawn structure.} exf4 25. Nf5 {
Now if Black does nothing, his chances for counterplay could be killed by
White's b2-b4 advance.} bxa4 {Thus, Black was left with this move or} (25... g6
{, which, apparently, does not promise Black equal chances:} 26. Nxd6 $1 Bxd6
27. e5 c5 $1 28. exf6 Bxf3 29. gxf3 (29. Bxg6 Bc6 30. Qf5 Rxe1+ 31. Rxe1 Re8
32. Bxf7+ Kxf7 33. Qh5+ Kxf6 34. Qxh6+ $11) 29... Rxe1+ (29... cxd4 30. Bxg6)
30. Rxe1 Kh8 $14) 26. bxa4 ({It seems that} 26. Rxa4 $5 {would promise White
the long term advantage due to a superior pawn structure:} c5 27. d5 g6 28.
N5h4 Rc7 $14) 26... c5 $1 27. e5 dxe5 28. dxe5 Nd7 $2 {Black can't afford to
leave so many white pieces directed at his king!} ({It was better to drive
away White's bishop from its active position:} 28... c4 $1 29. Bf1 $1 (29. exf6
cxd3 30. Qxd3 gxf6 31. Nh2 h5 32. Rxe8 Rxe8 33. Qd1 Qc7 34. Qxh5 Qxc3 35. Qg4+
Kh7 36. Qd1 Re5 $13) 29... Nd7 30. Rab1 Qa8 31. N5d4 Bd5 32. Qf5 Nc5 33. Qxf4
Nd3 34. Bxd3 cxd3 35. Qd2 $14) 29. Rab1 Qa8 $6 ({By playing} 29... Qc7 {
, Black would have forced White to exchange one of his active knights:} 30. Nd6
Bxd6 31. exd6 Rxe1+ 32. Nxe1 Qc6 33. Qe2 $16 {[%cal Ye2e7]}) 30. N5h4 $1 $40 {
[%cal Ge5e6,Yd3h7] The problem is that Black does not have any good defenders
around his monarch. Moreover, Black has no time to take on f3, since the
threat of Be4 will be created immediately. Therefore, White's attack should
bring him a well deserved victory.} Rc6 {All other moves lose right away:} (
30... Rcd8 31. e6 fxe6 32. Bh7+ Kh8 33. Ng6+ Kxh7 34. Nxf8+ Kg8 35. Nxe6 $18) (
30... Bd5 31. c4 Be6 32. Be4 $18) (30... Bxf3 31. Nxf3 Rb8 32. Rbd1 $18 {
[%cal Gd3c4,Ye5e6]}) 31. Be4 (31. Bh7+ Kh8 32. Bf5 $18 {[%cal Ye5e6] was
possible as well.}) 31... Rb6 32. Bh7+ Kh8 33. Rxb6 $2 {White just missed a
way to finish the game with} (33. Bf5 $1 Bxf3 (33... Rxb1 34. Qxb1 {[%cal
Ye5e6]} Rb8 35. Bxd7 Bxf3 36. Qf5 $18) 34. Bxd7 Rxb1 35. Qxb1 Re7 36. Nxf3 Rxd7
37. e6 $18 {[%cal Yf3e5]}) 33... Nxb6 34. e6 Bxf3 $2 {This does not solve
Black's problems.} ({It was neccessary to try to cover the light squares with} 
34... Bd5 $1 35. exf7 (35. Ne5 Bxe6 36. Neg6+ fxg6 37. Nxg6+ Kxh7 38. Rxe6 f3
$1 (38... Kg8 39. Qb3) 39. Rxb6 Re1+ 40. Kh2 fxg2 $11) (35. Bf5 $1 Nc4 36. Re2
$16 g5 37. exf7 Bxf7 38. Ng6+ Kg7 39. Nxf8 Kxf8 $14) 35... Rxe1+ 36. Nxe1 Bxf7
37. Bg6 $14) 35. Nxf3 g6 (35... Rxe6 36. Rxe6 fxe6 37. Ne5 Qe8 38. Bg6 Qxa4 39.
Qb1 Nd7 40. Be8 $18) (35... Qc8 36. Ne5 Qxe6 37. Ng6+ fxg6 38. Rxe6 Rxe6 39.
Bxg6 $18) 36. Bxg6 $1 fxg6 37. Qxg6 $18 {[%cal Yf3e5] Now it's over: White's
attack is unstoppable.} Qc8 (37... Bg7 38. Ne5 Kg8 39. Ng4 $18) (37... Nc4 38.
e7 Bg7 39. Nh4 {[%cal Yh4f5]} Ne5 40. Rxe5 Bxe5 41. Qxh6+ Kg8 42. Qe6+ $18) 38.
Ne5 Bg7 39. Nf7+ Kg8 40. Nxh6+ (40. Nxh6+ Kh8 41. Nf7+ Kg8 42. Nd6 $18) 1-0

[Event "Olympiad-40"]
[Site "Istanbul"]
[Date "2012.09.09"]
[Round "11.2"]
[White "Movsesian, Sergei"]
[Black "Almasi, Zoltan"]
[Result "1-0"]
[WhiteElo "2698"]
[BlackElo "2713"]
[Annotator "Erenburg,S"]
[PlyCount "97"]
[EventDate "2012.08.28"]
[EventType "team-swiss"]
[EventRounds "11"]
[EventCountry "TUR"]
[SourceTitle "CBM 151"]
[Source "ChessBase"]
[SourceDate "2012.11.13"]
[SourceVersion "1"]
[SourceVersionDate "2012.11.13"]
[SourceQuality "1"]
[WhiteTeam "Armenia"]
[BlackTeam "Hungary"]
[WhiteTeamCountry "ARM"]
[BlackTeamCountry "HUN"]

1. e4 e5 2. Nf3 Nc6 3. Bb5 a6 4. Ba4 Nf6 5. O-O Be7 6. d3 d6 7. c3 O-O 8. Nbd2
b5 9. Bc2 d5 {Taking advantage of the fact that White's rook is not yet on e1,
Black is trying to solve all his opening problems by exchanging a couple of
central pawns and preparing the c5-spot for the dark-squared bishop.} 10. Re1
dxe4 {The simplest move. Black has also tried} (10... d4 $5 11. cxd4 exd4 12.
a3 Nd7 13. Nf1 (13. Nb3 Nde5 14. Nbxd4 $140 Nxd4 15. Nxe5 Bf6 $132) 13... Nde5
14. Nxe5 Nxe5 15. f4 Ng6 16. Ng3 c5 17. Nf5 $6 (17. Qh5 $142 $5) 17... Bxf5 18.
exf5 Nh4 19. Qg4 Qd7 20. Bd2 Bf6 21. Bb3 Nxf5 $15 {0-1 Efimenko,Z (2682)
-Onischuk,A (2684)/Poikovsky 2009/CBM 131 (35)}) (10... Bg4 11. h3 Bh5 12. Qe2
d4 13. g4 Bg6 14. cxd4 Nxd4 (14... exd4 15. a3 $5 {[%cal Yc2b3]} (15. Bb3 Na5)
(15. Nh4 Nd7 16. Nxg6 hxg6 17. f4 g5 18. Nf3 gxf4 19. Bxf4 Nc5 $13) 15... h6
16. Bb3 $14) 15. Nxd4 exd4 16. f4 {Now that the black bishop is out of the
game, it becomes clear why 10...Bg4 does not have a good reputation.} h6 17.
Nf3 $14 {1-0 Alvarez Pedraza,A (2526)-Vijayalakshmi,S (2387)/San Cristobal
2012/CB39_2012 (22)}) (10... Bb7 {The disadvantage of this move is that Black
defines the position of his light-squared bishop too early. It may very well
be the case that it's needed on e6 to cover the f5-square and the diagonal
a2-g8.} 11. Qe2 dxe4 12. dxe4 Qd6 (12... Bc5 13. Nf1 {[%cal Yf1g3,Yg3f5,Gc1g5]}
) 13. a4 Nh5 14. Nf1 b4 15. Rd1 Qf6 16. Ng3 (16. g3 $5 {[%cal Yf1e3,Ye3d5]})
16... Nxg3 (16... Nf4 17. Bxf4 exf4 (17... Qxf4 18. Nf5) 18. Nf5 $14) 17. hxg3
a5 18. Bb3 $14 {1-0 Nguyen Anh Dung (2539)-Tirto (2418)/Kuala Lumpur 2006/CBM
114 ext (61)}) 11. dxe4 Be6 {[%csl Rg5][%cal Yh7h6,Rh6g5] Black has just
occupied a very important diagonal and is about to secure control over it by
playing h7-h6.} (11... Bc5 12. Nb3 ({Deserves attention:} 12. a4 $5 b4 13. Qe2
{[%cal Yd2c4]}) 12... Bb6 13. Be3 Qe7 14. a4 Bxe3 15. Rxe3 {1/2-1/2 Predojevic,
B (2641)-Stevic,H (2571)/Neum 2008/CBM 124 Extra}) 12. a4 {White is putting
some pressure on Black's b5-pawn to gain control over the c4-square.} b4 {
Giving up on the c4 outpost, perhaps too easily.} ({Earlier this year,
Matlakov tried to play differently against Movsesian:} 12... Qc8 13. Qe2 Qb7
14. b4 (14. Bd3 Rab8 15. Nf1 Rfd8 $11) 14... Rfd8 15. axb5 axb5 16. Rxa8 Rxa8
17. Bd3 Rb8 18. Nb1 Bd6 (18... Nd7 19. Na3 Na7 20. Ng5 Bb3 21. Qb2 Ba4 22. Qa2
$13) 19. Na3 Na7 20. Be3 c6 21. Ng5 Bg4 22. f3 Bd7 23. Qa2 Rf8 $2 (23... Be8
$142) 24. Nc4 $1 $16 {1-0 Movsesian,S (2699)-Matlakov,M (2665)/St Petersburg
2012/CB40_2012 (32)}) 13. Qe2 Qc8 (13... Qd6 14. Nc4 (14. Bd3 Rfd8) 14... Bxc4
15. Qxc4 bxc3 16. bxc3 Na5 17. Qe2 $14) (13... Bc5 14. Nc4 $14) 14. Nc4 Nd7 15.
a5 $146 {The idea of Movsesian's novelty is to limit the activity of Black's
minor pieces.} ({In the preceding game, Kamsky chose} 15. Ng5 Bxg5 16. Bxg5 {
, but Black got a good position after} Nb6 17. Nd2 bxc3 18. bxc3 Na5 19. Be3
Qd7 20. f4 f6 21. f5 Bf7 22. g4 Qc6 $11 {1/2-1/2 Kamsky,G (2741)-Ivanchuk,V 
(2768)/Ningbo 2011/CBM 144 (67)}) 15... f6 $6 {Although Black did strengthen
his central pawn, he grabbed the f6-square for his knight, which results in
the transfer of White's knight to d5.} ({Probably} 15... Qb7 {was better:} 16.
Ne3 (16. Ba4 f6 {[%cal Yd7c5]}) 16... b3 17. Bb1 h6 $13) (15... h6 16. Ba4) 16.
Ne3 $1 b3 17. Bb1 Bd6 {Preparing the e7-square for the knight.} 18. Nd5 Bxd5 {
That is a very responsible decision to give up on the light squares. I bet
Black would not do it he saw White's 22nd move.} ({The logical alternative was
} 18... Ne7 {, but after} 19. Qc4 $1 {, White gets an edge:} Nc5 20. Be3 c6 21.
Nxe7+ Bxe7 22. Qe2 Kh8 23. Bxc5 Bxc5 24. Bd3 $14) 19. exd5 Ne7 20. Bd3 Qb7 21.
Bc4 Nxd5 $2 ({Black should have played} 21... Kh8 22. Rd1 $14 {and tried to
defend his passive, but solid position.}) 22. Nd4 $1 exd4 (22... Kh8 {is not
the solution to Black's problems, in view of} 23. Qe4 c6 24. Nxc6 Nc7 (24...
Ne7 25. Nxe7 Qxe4 26. Rxe4 Bxe7 27. g3 Rfc8 28. Bd5 Rab8) 25. Re3 $1 Nc5 (25...
f5 26. Ne7 $1 $18) 26. Qg6 $40) 23. Qe6+ Kh8 24. Bxd5 c6 25. Qxd6 (25. Bf3 {
is not as good as the move in the game, because of} Qc7 $1) 25... cxd5 26. cxd4
$16 {White has an obvious advantage thanks to Black's passive pieces and
multiple weaknesses in his camp.} Rfe8 $6 {The open lines will be taken by
White's rooks anyway.} ({Black had to organise stubborn defence by playing} 
26... Qb5 $1 27. Bd2 Rfd8 $1 28. Qe7 $16 {[%cal Ya1c1]}) 27. Bf4 Qb5 28. h3
Rac8 $6 ({Probably, the last chance was to bring the king closer to the centre:
} 28... Kg8 29. Rxe8+ Rxe8 30. Rc1 Nf8 31. Qb6 $16 {/+-}) (28... h5 29. Rac1
$18) 29. Rxe8+ Rxe8 30. Rc1 $18 {White is completely dominating the board!
Material losses for the black side are inevitable and he has no counterplay
whatsoever, so the rest is a matter of simple technique.} Nf8 31. Qb6 $1 Qd3 ({
The endgame is lost for Black:} 31... Kg8 32. Qxb5 axb5 33. a6 Ne6 34. Bd6 Ra8
35. Rc6 Nxd4 36. Rb6 Kf7 37. Bb8 $18 {[%cal Ya6a7]}) 32. Qc6 Qe4 (32... Rd8 {
does not change much:} 33. Re1 $1 Qc2 34. Qb6 Ra8 35. Qb7 Rd8 36. Qf7 $18) 33.
Be3 Ng6 (33... Qe6 34. Qb7 Re7 35. Qxb3 $18) 34. Qxa6 Nh4 35. Qf1 {Black's
attack is easily parried.} h6 (35... Ra8 36. Rc3 h6 37. f3 Qe8 38. Bd2 $1 $18)
36. Rc3 Ra8 37. f3 Qe6 38. Bf2 Ng6 39. Qb5 Nf4 40. Be3 {Black is hopeless
against White's well coordinated pieces.} Qf5 41. Kh2 Ng6 42. Rxb3 Nh4 43. Bf2
Qg5 44. Bg3 Nf5 45. f4 Qg6 46. Qxd5 Re8 47. a6 h5 48. a7 h4 49. Bf2 1-0